000 00360nam a2200145Ia 4500
008 230917s9999||||xx |||||||||||||| ||und||
040 _e100280
_aMAIN
041 _aEnglish
082 _a005.1 S23S
100 _aSharma, Pankaj
245 0 _aSoftware engineering
260 _aNew Delhi
_bAPH Publishing Corporation
_c2004
300 _a363 p.
942 _cBK
999 _c121722
_d121722